000 01065cam a22002535a 4500
999 _c116289
_d116289
001 L160237
008 190514s2019 xxk f 000 0 eng d
020 _a9781783213566
035 _a(Sirsi) u160237
041 0 _aeng
100 1 _aWhitehead, Christine
245 0 0 _aInternational models for delivery of affordable housing in Asia
_h[electronic resource]
260 _aLondon
_cRiCS
_b2019
520 _aAims to identify different national housing models across Asia for delivering affordable housing, in order to see what lessons may be transferable. It raises questions about acceptable standards of affordable housing for different socioeconomic conditions, including tenure security, construction standards and environmental/space standards
590 _aNTK
650 2 4 _aAFFORDABLE HOUSING
_96215
651 4 _aAsia
690 _aResidential property
_96266
690 _aPlanning and development
_96259
700 1 _aTang, Connie
700 1 _aMulhall, Tony
856 4 0 _zView the items free of charge at www.rics.org
_uhttps://
942 _n0